5HLuxD.jpg

KING HENRY VIII SENIOR AND PRIMARY SCHOOL LIBRARY OPAC

Diary of a wimpy kid : (Record no. 210)

000 -LEADER
fixed length control field 00843cam a2200301 a 4500
001 - CONTROL NUMBER
control field 148121
003 - CONTROL NUMBER IDENTIFIER
control field KHC-NET
005 - DATE AND TIME OF LATEST TRANSACTION
control field 20190801100802.0
008 - FIXED-LENGTH DATA ELEMENTS--GENERAL INFORMATION
fixed length control field 100330s2009 xxka j 000 1 eng d
020 ## - INTERNATIONAL STANDARD BOOK NUMBER
International Standard Book Number 9780141324920 (pbk.) :
040 ## - CATALOGING SOURCE
Original cataloging agency nkhc
Language of cataloging eng
Transcribing agency tw-NKHC
Description conventions DDC
041 0# - LANGUAGE CODE
Language code of text/sound track or separate title eng
042 ## - AUTHENTICATION CODE
Authentication code nbic
044 ## - COUNTRY OF PUBLISHING/PRODUCING ENTITY CODE
MARC country code xxk
082 0# - DEWEY DECIMAL CLASSIFICATION NUMBER
Classification number FIC KIN
100 1# - MAIN ENTRY--PERSONAL NAME
Personal name Kinney, Jeff.
Relator term author
245 10 - TITLE STATEMENT
Title Diary of a wimpy kid :
Remainder of title the last straw /
Statement of responsibility, etc. by Jeff Kinney.
246 30 - VARYING FORM OF TITLE
Title proper/short title Last straw.
260 ## - PUBLICATION, DISTRIBUTION, ETC.
Place of publication, distribution, etc. London :
Name of publisher, distributor, etc. Puffin,
Date of publication, distribution, etc. c2009.
300 ## - PHYSICAL DESCRIPTION
Extent 216 p. :
Other physical details ill. ;
Dimensions 20 cm.
490 ## - SERIES STATEMENT
Series statement Diary of a wimpy kid ;
Volume/sequential designation 3
650 #0 - SUBJECT ADDED ENTRY--TOPICAL TERM
Topical term or geographic name entry element Humorous stories.
650 #0 - SUBJECT ADDED ENTRY--TOPICAL TERM
Topical term or geographic name entry element Family life
Form subdivision Juvenile fiction.
650 #0 - SUBJECT ADDED ENTRY--TOPICAL TERM
Topical term or geographic name entry element Diaries
Form subdivision Juvenile fiction.
650 #0 - SUBJECT ADDED ENTRY--TOPICAL TERM
Topical term or geographic name entry element Middle schools
Form subdivision Juvenile fiction.
650 #0 - SUBJECT ADDED ENTRY--TOPICAL TERM
Topical term or geographic name entry element Schools
Form subdivision Juvenile fiction.
942 ## - ADDED ENTRY ELEMENTS (KOHA)
Source of classification or shelving scheme
Koha item type Books - Fiction
Holdings
Withdrawn status Lost status Source of classification or shelving scheme Damaged status Not for loan Collection code Permanent Location Current Location Shelving location Date acquired Total Checkouts Full call number Barcode Date last seen Date last checked out Price effective from Koha item type
          Fiction KH8 Senior School Library KH8 Senior School Library Fiction 2019-08-01 7 FIC KIN 3KHSL000100089 2024-11-13 2024-09-05 2019-08-01 Books - Fiction

Powered By KH8 IT Dept